| 000 | 00350nam a2200145Ia 4500 | ||
|---|---|---|---|
| 008 | 230917s9999||||xx |||||||||||||| ||und|| | ||
| 040 |
_e38589 _aMAIN |
||
| 041 | _aEnglish | ||
| 082 | _a658.08 D294R | ||
| 100 | _aDavis, Keith | ||
| 245 | 0 | _aReading in human relations | |
| 250 | _a2nd ed. | ||
| 260 |
_aNew York _bMcGraw-Hill _c1964 |
||
| 942 | _cBK | ||
| 999 |
_c165636 _d165636 |
||